Heat and mass transfer (Record no. 188034)

000 -LEADER
fixed length control field 00420nam a2200145Ia 4500
008 - FIXED-LENGTH DATA ELEMENTS--GENERAL INFORMATION
fixed length control field 220217s9999||||xx |||||||||||||| ||und||
020 ## - INTERNATIONAL STANDARD BOOK NUMBER
International Standard Book Number 9789339223199
082 ## - DEWEY DECIMAL CLASSIFICATION NUMBER
Classification number 621.4 CEN
100 ## - MAIN ENTRY--PERSONAL NAME
Personal name Cengel, Yunus A and Ghajar, Afshin J
245 #0 - TITLE STATEMENT
Title Heat and mass transfer
250 ## - EDITION STATEMENT
Edition statement 5
260 ## - PUBLICATION, DISTRIBUTION, ETC.
Place of publication, distribution, etc. Mcgraw hill book company
Name of publisher, distributor, etc. New Delhi
Date of publication, distribution, etc. 2017
300 ## - PHYSICAL DESCRIPTION
Extent XXII, 944p.
Other physical details 735
650 ## - SUBJECT ADDED ENTRY--TOPICAL TERM
Topical term or geographic name entry element Heat and mass transfer
9 (RLIN) 13007
Holdings
Withdrawn status Lost status Damaged status Not for loan Collection code Home library Current library Shelving location Date acquired Full call number Barcode Date last seen Price effective from Koha item type
        Mechanical Engineering Central Library Central Library Reference 02/18/2022 621.4 CEN 23223 10/27/2022 02/18/2022 Books

Powered by Koha